| 000 | 00389nam a2200157Ia 4500 | ||
|---|---|---|---|
| 008 | 221030s9999 xx 000 0 und d | ||
| 020 | _a8173713804 | ||
| 041 | _aEnglish | ||
| 082 |
_a105.23 _bPuj |
||
| 100 | _aA. K. Pujari | ||
| 245 | 0 |
_aData Mining Techniques _cby A. K. Pujari |
|
| 260 |
_bUniversities Press _aHyderabad _c2005 |
||
| 300 | _a288 | ||
| 650 | _aBE Computer | ||
| 942 | _cBK | ||
| 999 |
_c1668 _d1668 |
||